| Поле | Инд. | ПП | Название | Значение |
|---|---|---|---|---|
| Тип записи | a | |||
| Библиографический уровень | m | |||
| 001 | _ | Контрольный номер | RU/ЭБС IPR BOOKS/84848 | |
| 005 | Дата корректировки | 20250915131030.0 | ||
| 008 | Кодируемые данные | 211122s2018 RU y f j 000 1 rus u | ||
| 020 | a | ISBN | 978-5-9590-0994-6 | |
| 040 | c | Служба, преобразующая запись | ЭБС IPR BOOKS | |
| 041 | a | Код языка текста | rus | |
| 044 | a | Код страны публикации | RU | |
| 080 | a | Индекс УДК | 339 | |
| 084 | 2 | Источник индекса | rubbk | |
| a | Индекс другой классификации/Индекс ББК | 65.5 | ||
| 100 | 1_ | a | Автор | Карпович, О. Г. |
| 4 | Код отношения | 070 | ||
| 245 | a | Заглавие | Евразийский экономический союз в контексте новых глобальных изменений | |
| b | Продолж. заглавия | монография | ||
| c | Ответственность | О. Г. Карпович, В. Б. Мантусов | ||
| 250 | g | Весь срок охраны авторского права | ||
| a | Основные сведения об издании | Евразийский экономический союз в контексте новых глобальных изменений | ||
| 256 | a | Характеристики компьютерного файла | Электрон. дан. (1 файл) | |
| 260 | a | Место издания | Москва | |
| b | Издательство | Российская таможенная академия | ||
| c | Дата издания | 2018 | ||
| 300 | a | Объем | 144 с. | |
| 500 | a | Примечание | Книга находится в премиум-версии ЭБС IPR BOOKS. | |
| 516 | a | Прим. о типе комп. файла/ данных | Текст | |
| 520 | a | Аннотация | В монографии подробно исследуется динамика интеграционных процессов Евразийского экономического союза в контексте глобальных изменений. Даны организационно-правовая и экономико-политическая характеристики Евразийского экономического союза, проведен анализ его деятельности в контексте международного права, рассмотрены перспективы его развития в современных политических и экономических условиях. Монография предназначена для широкого круга читателей. | |
| 521 | a | Примеч. о целев. назн. | Весь срок охраны авторского права | |
| 538 | a | Прим. о системных особенностях | электронный | |
| 653 | a | Ключевые слова | институт | |
| 653 | a | Ключевые слова | механизм | |
| 653 | a | Ключевые слова | экономика | |
| 700 | 1_ | a | Другие авторы | Мантусов, В. Б. |
| 4 | Код отношения | 070 | ||
| 856 | 4_ | u | URL | http://www.iprbookshop.ru/84848.html |
| z | Примечание для пользователя | Участвует в КО |